1108 1846 1939 1220 1616 1166 1088 1032 1054 1119 1281 1408 1066 1690 1469 1745 1233 1512 1916 1055 1835 1374 1242 1799 1991 1806 1290 1032 1356 1713 1609 1403 1047 1013 1648 1494 1291 1405 1273 1831 1122 1535 1851 1770 1289 1031 1940 1740 1350 1951 1823 1480 1312 1648 1089 1849 1116 1625 1952 1173 1876 1139 1640 1803 1632 1987 1196 1568 1352 1093 1695 1653 1326 1778 1671 1519 1155 1362 1536 1785 1918 1622 1238 1623 1406 1030 1659 1912 1961 1262 1640 1178 1439 1590 1705 1143 1147 1736 1957 BCNSPRNW ULIB Ver.6.0+V

เปลี่ยนเป็นภาษาไทย

Change to English
 แสดงรายละเอียดบรรณานุกรม
  กลับหน้าหลัก

Brief Record : Get Marc (ISO 2709) : E-mail record : QR code < ปิดหน้าต่าง
LEADER : 00000nam 2200000uu 4500
001    13399127199
003     ULIB
008    191021s2562||||th 000 0 tha d
020 ^- ^a9786160036073
050 ^- ^aนว.^bบ895อ^cล.1
100 ^- ^aแบมแบม.
245 10 ^aอาณาจักรพระอาทิตย์ เล่ม 1(SETTING SUN) /^cแบมแบม.
250 ^- ^aพิมพ์ครั้งที่ 1.
260 ^- ^aปทุมธานี :^bDeep,^c2562
300 ^- ^a308 หน้า.
945    ^p650^l0^i27890
999    ^aกัณชพร จุลอักษร
รายการนี้ยังไม่มีแท็ก
คุณยังไม่ได้ล็อกอิน คุณสามารถมีกิจกรรมร่วมกับเว็บไซต์ได้ แต่ต้องล็อกอินก่อน ::
  ล็อกอิน

รายการสื่อสารสนเทศ

ลำดับที่ ประเภท เลขเรียก/บาร์โค้ด สถานที่ สถานะ
1. วิทยาศาสตร์การแพทย์ และสุขภาพ
วิทยาศาสตร์การแพทย์ และสุขภาพ
นว. บ895อ ล.1 ฉ.1 
  Barcode: 27890
ห้องสมุดวิทยาเขตนครสวรรค์
►นวนิยาย:l:Fiction
บนชั้น
Note:1 ชุด 650บาท

รายการใกล้เคียง
    ผู้แต่ง [แบมแบม.]

BibComment


ยังไม่เคยถูกคอมเมนท์

คอมเมนท์ทรัพยากรรายการนี้
  คอมเมนท์: อาณาจักรพระอาทิต..


 Copyright 2026. Bcnsprnw @Library